000 00880cab a2200229 4500
001 ABS68293
008 041001n2004 000 0 eng u
035 _a(Sirsi) u127601
100 _aJoy, V.
245 4 _aThe landfill directive: significant changes for waste disposal
260 _c2004
490 _aWaste Planning
_v(52) September 2004, 3-4(2)
520 _aSummary of the impacts made by the landfill directive (Directive 99/31/EC) from July 2004. Covers waste classification, waste acceptance criterial and hazardous waste. Briefly provides advice to those dealing with waste from developers to waste producers.
590 _aABS
650 _aDIRECTIVE 99/31/EC
650 _aWASTE DISPOSAL
650 _aWASTE CONTROL
650 _aHAZARDOUS WASTE
650 _aWASTE POLICY
690 _aENVIRONMENTAL AND LAND CONSULTANCY-WASTE MANAGEMENT
942 _n0
999 _c74556
_d74556